Представление документа в формате RUSMARC

ПолеНазваниеЗначение
  Тип записи a
  Библиографический уровень m
001 Контрольный номер RU/SLIB/B/208744885
005 Дата корректировки 20241122125316.5
010 Индекс ISBN __
d Цена 173-00; 200-00
101 Язык документа 0_
a Язык текста rus
200 Заглавие и сведения об ответственности 1_
a Заглавие Мир механики и техники
e Сведения, относящиеся к заглавию кн. для учащихся
f Первые сведения об ответственности Иванов А. С., Проказа А. Т.
b Общее обозначение материала Текст
210 Выходные данные 1_
a Место издания М.
c Издательство Просвещение
d Дата издания 1993
215 Физическое описание __
a Объем 224 с.
c Иллюстрации/тип воспроизводства ил.
606 Тематические рубрики __
a Основная рубрика Механика
606 Тематические рубрики __
a Основная рубрика Теоретическая механика в целом
610 Ключевые слова 0_
a Ключевые слова квантовая механика
686 Индексы других классификаций __
a Классификационный индекс 22.2; ст22.2
700 Автор _1
a Фамилия Иванов
b Имя А. С.
4 Код отношения 070
702 Вторичная интеллектуальная ответственность _1
a Фамилия Проказа
b Имя А. Т.
4 Код отношения Автор
801 Источник записи _0
a Страна RU
b Организация Муниципальное бюджетное учреждение культуры "Централизованная библиотечная система" г. Сургут (Центральная городская библиотека им. А. С. Пушкина)
g Правила каталогизации КиК/Уланова
801 Источник записи _1
a Страна RU
b Организация Муниципальное бюджетное учреждение культуры "Централизованная библиотечная система" г. Сургут (Центральная городская библиотека им. А. С. Пушкина)
g Правила каталогизации КиК/Уланова
852 Данные о местонахождении __
j Шифр хранения 22.2
c Каталожный индекс 22.2
i Авторский знак И 20
p Инвентарный номер 52297, 49472
901 Тип документа __
t Тип документа m
990 Данные о заказе (DOS) __
j Количество экземпляров (DOS) 1; 1
t N записи в КСУ для И/У (DOS) 199501; 199401